00303nam a2200121Ia 4500008004100000100002800041245005500069260001200124260001100136260000900147300000700156650001800163160220s9999 xx 000 0 und d10aGeegana Gamage,G.G.V.A. aVisualization using Nano Particles Contrast Agents aColombo bIchemc c2015 a40 aNano Medicine